Düşlü Geçmiş (Record no. 1214)

000 -LEADER
fixed length control field 00475nam a22001817a 4500
008 - FIXED-LENGTH DATA ELEMENTS--GENERAL INFORMATION
fixed length control field 170724b xxu||||| |||| 00| p tur d
020 ## - INTERNATIONAL STANDARD BOOK NUMBER
International Standard Book Number 9786055945893
041 ## - LANGUAGE CODE
Language code of text/sound track or separate title Türkçe
050 ## - LIBRARY OF CONGRESS CALL NUMBER
Classification number PL248.B673
100 ## - MAIN ENTRY--PERSONAL NAME
9 (RLIN) 727
Personal name Onur Bozkurt
245 ## - TITLE STATEMENT
Title Düşlü Geçmiş
250 ## - EDITION STATEMENT
Edition statement Birinci Baskı
260 ## - PUBLICATION, DISTRIBUTION, ETC.
Place of publication, distribution, etc. Ankara
Name of publisher, distributor, etc. Hayal Yayınları
Date of publication, distribution, etc. Şubat 2011
300 ## - PHYSICAL DESCRIPTION
Extent 75 sayfa
500 ## - GENERAL NOTE
General note Hayal Yayınları Şiir Dizisi: 55
650 #0 - SUBJECT ADDED ENTRY--TOPICAL TERM
9 (RLIN) 145
Topical term or geographic name entry element Türk Edebiyatı
942 ## - ADDED ENTRY ELEMENTS (KOHA)
Source of classification or shelving scheme
Koha item type Books
Holdings
Withdrawn status Lost status Source of classification or shelving scheme Damaged status Not for loan Permanent Location Current Location Shelving location Date acquired Full call number Barcode Date last seen Price effective from Koha item type
        Ödünç verilemez İmren Ahmet Tüzün Kütüphanesi İmren Ahmet Tüzün Kütüphanesi Ahmet Tüzün 2017-08-17 PL248.B673 100100001192 2017-08-17 2017-08-17 Books

This software was implemented, installed and managed by Devinim Software Training Consulting .